000 00859nam a2200265 4500
001 0005231
003 DO-SdBPM
005 20250610122323.0
007 0005231
008 160401b2001 sp ||||| |||| 00| 0 spa d
020 _a9706515054
040 _aDO-SdBPM
_bspa
_cBPMSU
082 4 _aRD863.44
_bA473c 2001
_222
100 1 _aÁlvarez, Julia
240 _aHow Tía Lola came to Visit stay
245 1 0 _aCuando la tía Lola vino de visita a quedarse /
_cJulia Álvarez ; traducción de Carolina Saín Paz
260 _aMéxico :
_bEditorial Océano
_c2001
300 _a122 p. :
_c25 cm.
650 4 _a Cuentos infantiles dominicanos
650 4 _aLiteratura juvenil dominicana
650 4 _aCuentos juveniles dominicanos
700 1 _a Saín Paz, Carolina
_etraductor
_4
910 _aVMateo V. Control de calidad. BPMSU
942 _2ddc
_cBK
999 _c9495
_d9495